000 00716nam a2200181Ia 4500
008 090124s9999 xx 000 0 und d
082 _b47575
100 _aखाडिलकर नीलकंठ (संपादक नवाकाऴ)
245 _a नव्या काळाची वाटचाल
250 _a1
260 _c1968
300 _a204
600 _aखाडिलकर नीलकंठ (संपादक नवाकाऴ)
630 _a नव्या काळाची वाटचाल
700 _aखाडिलकर नीलकंठ (संपादक नवाकाऴ)
730 _a नव्या काळाची वाटचाल
942 _cBOOK
999 _c113954
_d113954